[Event "CHN-ch Open 2019"]
[Site "Xinghua"]
[Date "2019.05.11"]
[Round "1.1"]
[White "Li, Shilong"]
[Black "Zhao, Jun"]
[Result "1/2-1/2"]
[WhiteElo "2507"]
[BlackElo "2621"]
[Annotator "TA"]
[PlyCount "76"]
[EventDate "2019.05.11"]
[EventType "tourn"]
[EventCountry "CHN"]
[SourceTitle "playchess.com"]
[Source "ChessBase"]
[SourceQuality "1"]

{[%evp 19,76,12,19,0,0,0,0,0,0,0,39,0,0,-18,26,26,27,12,23,-40,0,-42,-45,-48,0,-28,0,0,39,0,27,15,52,9,8,0,0,0,0,0,0,0,0,0,36,0,0,0,0,0,0,0,0,0,0,0,0,0,0]} 1. d4 Nf6 2. c4 e6 3. Nc3 Bb4 4. Nf3 b6 5. e3 Bb7 6. Bd3 O-O 7. O-O c5 8. Na4 cxd4 9. exd4 Re8 10. a3 Bf8 11. b4 {E43: Nimzo-Indian: Rubinstein: 4...b6} a5 12. b5 d6 13. Bg5 Nbd7 14. Re1 {[#]} Qc7 $146 ({Predecessor:} 14... h6 15. Bh4 Be7 16. Nd2 Rc8 17. Bf1 d5 18. Bg3 dxc4 19. Nxc4 {½-½ (44) Sadler,M (2625)-Kovalyov,A (2612) Barcelona 2011}) 15. Rc1 h6 16. Bh4 Nh5 (16... e5 $5 {[%cal Re5e4]} 17. Bb1 exd4 $11) 17. Nd2 g6 18. Nb3 e5 19. Bf5 ({Better is} 19. d5 $11) 19... Bxg2 20. Bxg6 fxg6 21. Kxg2 Bg7 22. Bg3 exd4 23. Nxd4 Ne5 24. Nc6 Nxg3 25. Nxe5 {Black must now prevent Qd5+.} Nf5 (25... dxe5 $6 26. hxg3 Rab8 27. c5 $16) 26. Qd5+ Kh7 $132 {[%mdl 2048] Black has counterplay} 27. Qc6 Qd8 28. Nf7 Nh4+ 29. Kf1 $1 Rxe1+ 30. Rxe1 Qf8 $1 {[%cal Rf8f7]} 31. Qd7 ({Reject} 31. Nxd6 Rd8 $17) 31... d5 32. Nxb6 {[%mdl 64] [#] Double Attack} Qxa3 {Strongly threatening ...Ra7!The position is equal.} 33. Nxa8 ({Don't blunder} 33. Ne5 $2 Rf8 $19) 33... Qd3+ {[%mdl 64] Double Attack} 34. Re2 Qd1+ 35. Re1 Qd3+ {[%mdl 64] [#] Double Attack} 36. Re2 {aiming for Ne5.} Qd1+ 37. Re1 Qd3+ {[%mdl 64] Double Attack} 38. Re2 {Threatens to win with Ne5.} Qd1+ {Accuracy: White = 50%, Black = 45%.} 1/2-1/2

[Event "CHN-ch Open 2019"]
[Site "Xinghua"]
[Date "2019.05.11"]
[Round "1.2"]
[White "Lu, Shanglei"]
[Black "Xu, Yi"]
[Result "1/2-1/2"]
[WhiteElo "2606"]
[BlackElo "2546"]
[Annotator "TA"]
[PlyCount "61"]
[EventDate "2019.05.11"]
[EventType "tourn"]
[EventCountry "CHN"]
[SourceTitle "playchess.com"]
[Source "ChessBase"]
[SourceQuality "1"]

{[%evp 9,61,0,9,11,16,6,13,22,10,5,24,-6,0,0,-5,-5,0,-61,-56,-52,-70,-56,-50,-87,-89,-147,-141,-140,-108,-99,-96,-129,-148,-146,-144,-157,-133,-158,-104,-114,-97,-109,-99,-99,-95,-90,-90,-152,-36,-44,0,-162,0,-36]} 1. e4 e5 2. Bc4 Nf6 3. d3 c6 4. Nf3 d5 5. Bb3 a5 {And now ...a4 would win.} 6. a4 {C24: Bishop's Opening: 2...Nf6} ({Wrong is} 6. Nxe5 $2 a4 $19) 6... Bb4+ 7. c3 Bd6 8. exd5 (8. Bg5 dxe4 9. dxe4 h6 10. Bh4 O-O 11. O-O Na6 12. Nbd2 Qe7 13. Nc4 Bc7 {½-½ (30) Karjakin,S (2760)-Wei,Y (2739) Medias 2017}) 8... Nxd5 9. O-O O-O 10. h3 $146 ({Predecessor:} 10. Re1 Bg4 11. Nbd2 Nd7 12. Nc4 Qf6 13. Bg5 Qg6 {0-1 (48) Petrov,N (2593)-Motylev,A (2644) St Petersburg 2018}) 10... Bc7 11. Re1 Re8 12. Na3 Bf5 13. Ng5 (13. Bg5 $11 f6 14. Bh4) 13... h6 14. Qf3 Bg6 $1 15. Ne4 Kh8 16. Bd2 Na6 17. Rad1 (17. g4 $142) 17... f5 $36 {[%mdl 2048] Black has strong initiative.} 18. Ng3 f4 19. Ne4 Nf6 20. g3 Nxe4 21. dxe4 Qf6 22. Bc1 Nc5 23. Bc2 Qf7 (23... Bf7 $142 24. Nb1 Be6) 24. Qe2 Rad8 25. Rxd8 Rxd8 26. Nc4 Bh5 27. g4 Bg6 28. Nd2 {[#]} (28. b3 $142) 28... Bb6 (28... Qa2 $1 $17 29. g5 Qf7 30. gxh6 Bh5) 29. Nc4 $15 Bc7 (29... Qc7 $15) 30. Nd2 $1 $19 {[#]} Bb6 (30... Qa2 $1 $19 31. g5 Qf7) 31. Nc4 {Accuracy: White = 61%, Black = 59%.} 1/2-1/2

[Event "CHN-ch Open 2019"]
[Site "Xinghua"]
[Date "2019.05.11"]
[Round "1.3"]
[White "Wen, Yang"]
[Black "Xu, Xiangyu"]
[Result "1/2-1/2"]
[WhiteElo "2602"]
[BlackElo "2583"]
[Annotator "TA"]
[PlyCount "53"]
[EventDate "2019.05.11"]
[EventType "tourn"]
[EventCountry "CHN"]
[SourceTitle "playchess.com"]
[Source "ChessBase"]
[SourceQuality "1"]

{[%evp 14,53,17,16,26,21,34,24,25,30,42,13,27,24,46,49,57,57,84,58,55,48,56,28,179,0,0,0,0,0,0,0,0,0,0,0,0,0,0,0,0,0]} 1. e4 e5 2. Nf3 Nf6 3. Nc3 Bb4 4. Nxe5 O-O 5. Be2 Re8 6. Nd3 Bxc3 7. dxc3 Nxe4 8. O-O d6 {C42: Petroff Defence: 3 Nxe5 and unusual White 3rd moves} 9. Re1 Nd7 10. Bf3 Ndf6 {White has an edge.} (10... Nec5 11. Be3 Nxd3 12. cxd3 Ne5 13. Be2 Qh4 14. Qb3 b6 15. Qd5 Bd7 16. Qd4 Qxd4 17. Bxd4 {½-½ (34) Mamedov,R (2709)-Bu,X (2730) Riadh 2017}) 11. c4 h6 12. h3 $146 ({Predecessor:} 12. b3 Bf5 13. Bb2 Rb8 14. h4 Qd7 15. Qc1 Bh7 16. Qf4 {1-0 (77) Kosteniuk,A (2549)-Ni,S (2399) Teheran 2017}) 12... a5 13. a4 Bd7 14. b3 Bc6 15. Bb2 Nh7 16. Re3 Qh4 17. Qe1 Nhg5 18. Bg4 h5 $2 (18... Nh7 $1 $11) 19. Be2 $2 (19. Bf5 $18) 19... Nc5 $11 {[#] And now ...Rxe3 would win.The position is equal.} 20. Bf1 Nxd3 21. cxd3 Re6 22. Rxe6 Nxh3+ 23. gxh3 Qg5+ 24. Kh2 Qf4+ 25. Kg1 Qg5+ 26. Kh2 Qf4+ 27. Kg1 {Accuracy: White = 65%, Black = 55%.} 1/2-1/2

[Event "CHN-ch Open 2019"]
[Site "Xinghua"]
[Date "2019.05.11"]
[Round "1.4"]
[White "Zhao, Yuanhe"]
[Black "Peng, Xiongjian"]
[Result "1-0"]
[WhiteElo "2437"]
[BlackElo "2451"]
[Annotator "TA"]
[PlyCount "69"]
[EventDate "2019.05.11"]
[EventType "tourn"]
[EventCountry "CHN"]
[SourceTitle "playchess.com"]
[Source "ChessBase"]
[SourceQuality "1"]

{[%evp 16,69,7,2,29,22,18,25,20,27,17,29,52,11,81,81,96,77,84,72,135,125,137,114,127,104,130,121,148,145,150,130,128,121,198,198,198,201,211,213,214,212,228,225,275,229,219,206,243,202,261,258,291,297,814,810]} 1. Nf3 d5 2. g3 c6 3. Bg2 Nf6 4. O-O Bf5 5. d3 h6 6. Nbd2 e6 7. Qe1 Bh7 8. e4 Be7 9. Qe2 c5 {A07: Réti Opening: New York and Capablanca Systems} (9... O-O 10. Re1 a5 11. a4 Na6 12. Nb3 dxe4 13. dxe4 Bxe4 14. Be3 Nb4 15. Red1 Qc8 16. c3 Nc2 17. Rac1 Nxe3 18. Qxe3 Qc7 {0-1 (39) Hasangatin,R (2505)-Alekseev,E (2636) Sochi 2016}) 10. exd5 exd5 11. Re1 Nc6 {White has an edge.} 12. Ne5 Nd4 13. Qd1 O-O 14. Ndf3 Rc8 $146 (14... Ne6 $11) ({Predecessor:} 14... Nc6 15. Nxc6 bxc6 16. Ne5 Bd6 17. b3 Qc7 18. Bb2 Rae8 19. Nf3 Nd7 {½-½ (19) Bauza,A-Valkesalmi,K (2340) Mendoza 1985}) 15. Nxd4 $16 cxd4 16. Nf3 $36 {[%mdl 2048] Keeping Black busy.} Bb4 17. Re2 Qb6 ({Better is} 17... Bc5) 18. a3 Bd6 19. b4 {[%cal Bb2b4,Bb4a5][%mdl 32]} a5 20. bxa5 Qa7 21. Bd2 Rfe8 22. Bb4 Bc7 23. Rxe8+ Rxe8 24. Qb1 Bxa5 (24... Bf5 $16 {keeps fighting.} 25. Qb2 Bxa5 26. Nxd4 Bd7 27. Bxa5 Qxa5) 25. Bxa5 $18 Qxa5 26. Qb4 ({Don't play} 26. Nxd4 $6 Qc3 $16) 26... Ra8 {[#] Hoping for ...Qxb4.} 27. Qxb7 Bf5 28. Nxd4 Bc8 29. Qb2 Qa7 30. Nb3 Bd7 31. Qd4 Qc7 32. Nc5 Be8 33. Qb4 ({Worse is} 33. Bxd5 Ra5 $15) 33... Ra5 34. d4 Bb5 $2 {[#]} (34... Ra8 35. a4 Qa5) 35. Nb3 {Accuracy: White = 86%, Black = 32%.} 1-0

[Event "CHN-ch Open 2019"]
[Site "Xinghua"]
[Date "2019.05.11"]
[Round "1.5"]
[White "Liu, Yan"]
[Black "Xu, Jun"]
[Result "1/2-1/2"]
[WhiteElo "2502"]
[BlackElo "2487"]
[Annotator "TA"]
[PlyCount "140"]
[EventDate "2019.05.11"]
[EventType "tourn"]
[EventCountry "CHN"]
[SourceTitle "playchess.com"]
[Source "ChessBase"]
[SourceQuality "1"]

{[%evp 9,140,10,10,0,9,15,9,-4,-9,-15,0,-4,0,-22,-21,-35,-28,-31,42,34,77,24,58,41,86,80,76,72,78,69,75,60,70,65,98,83,127,121,124,96,102,109,131,120,118,122,128,118,122,137,196,175,178,121,112,121,114,119,145,131,132,92,112,101,95,97,193,207,223,228,217,196,191,137,138,145,154,146,170,102,99,64,21,16,23,16,16,17,21,17,23,15,58,58,58,52,51,37,37,37,68,61,72,0,0,0,0,0,8,8,8,8,8,8,29,7,20,7,11,0,0,0,0,0,0,0,0,0,0,0,13,0,0]} 1. Nf3 c5 2. b3 d5 3. e3 a6 4. Bb2 Nc6 5. g3 Bg4 (5... Nf6 6. Bg2 g6 7. d4 Bg7 8. O-O cxd4 9. Nxd4 O-O 10. Nxc6 bxc6 11. c4 Bg4 12. Qc2 Qd7 {0-1 (62) Anton Guijarro,D (2642)-Inarkiev,E (2693) St Petersburg 2018}) 6. h3 {A06: Réti Opening:1 Nf3 d5} Bh5 7. Bg2 e6 8. d3 $146 ({Predecessor:} 8. O-O Nf6 9. d3 Be7 10. Nbd2 O-O 11. g4 Bg6 12. Ne5 Nxe5 13. Bxe5 {½-½ (61) Bagirov,V (2460)-Lerner,K (2535) Berlin East 1989}) 8... Nf6 9. Nbd2 Be7 10. g4 Bg6 11. h4 h6 ({Much weaker is} 11... Nxg4 $6 12. h5 $16) 12. Ne5 Nxe5 13. Bxe5 Nd7 (13... Rc8 $15) 14. Bxg7 $14 Rg8 15. Bb2 (15. Bxh6 $16 {Strongly threatening g5.} Bxh4 16. Rb1) 15... Bxh4 16. Qf3 Bf6 17. Bxf6 $1 Qxf6 18. Qxf6 Nxf6 19. Bf3 (19. Rxh6 Nxg4 20. Rh4 Ne5 $11) 19... Rh8 {[#]} 20. g5 $1 $36 {[%mdl 2560] White has good play.} Ng8 (20... hxg5 21. Rxh8+) 21. Ke2 Rh7 22. Bh5 Rg7 23. gxh6 Nxh6 24. Bf3 Ng8 {[#]} 25. c4 $1 Rd8 26. cxd5 exd5 27. Rac1 b6 {[#]} 28. b4 $1 cxb4 29. Rc6 Rb8 (29... d4 $16 {is a better defense.}) 30. Bxd5 $18 Ne7 31. Rc7 (31. Rh8+ $18 Rg8 32. Rxg8+ Nxg8 33. Rxg6 fxg6 34. Bxg8) 31... Rh7 $16 32. Rxh7 Bxh7 33. Bb3 Bg6 34. Ra7 a5 35. Nc4 Nc8 36. Rc7 Kd8 37. Rc6 Ke7 (37... Rb7 $16) 38. Ne5 $18 Bh5+ 39. f3 {Threatens to win with Rh6.} Nd6 40. Rc7+ Ke8 41. Rc1 (41. e4 $18) 41... f6 $16 42. Rh1 Nf5 {...Ng3+ is the strong threat.} 43. Kf2 Ng7 44. Rg1 ({White should play} 44. Nc6 $18 Rc8 45. Ba4) 44... Rb7 45. Nc4 {Black must now prevent Nd6+.} Kf8 $1 46. e4 a4 {[%mdl 64] Decoy} 47. Bxa4 {aiming for Bc6.} b5 $1 {[%cal Rb5a4]} 48. Nd6 $1 {[%csl LRb5,LRb7]} Rd7 49. Nxb5 {And now d4 would win.} Rxd3 50. Bd1 Ne6 51. Be2 $1 {[%cal Re2d3]} Rd2 52. Ke3 Rxa2 53. Rb1 Be8 54. Bc4 Rc2 55. Bd3 Rc6 56. f4 (56. Rxb4 $16 Rb6 57. Rb1) 56... Rb6 $11 57. Nc3 Bc6 58. Bc4 Nc5 59. Nd5 Bxd5 $1 60. Bxd5 {[%mdl 4096] Endgame KRB-KRN} ({Of course not} 60. exd5 Ke7 $17) 60... Na4 61. Bb3 Nc5 62. Bc4 (62. Kd4 $5 {[%cal Rd4c5]} Nxb3+ 63. Rxb3 $14) 62... Na4 {The position is equal.} 63. Kd4 Nc3 64. Rb3 (64. Re1 {keeps more tension.} Ke7 65. e5 Rb8 66. Rh1 Rd8+ 67. Kc5) 64... Ke7 65. e5 fxe5+ 66. Kxe5 Na4 67. Rh3 Nc5 68. Rh7+ Kd8 69. Kd4 Ne6+ 70. Ke5 Nc5 {Accuracy: White = 65%, Black = 65%.} 1/2-1/2

[Event "CHN-ch Open 2019"]
[Site "Xinghua"]
[Date "2019.05.11"]
[Round "1.6"]
[White "Bai, Jinshi"]
[Black "Xu, Yinglun"]
[Result "1/2-1/2"]
[WhiteElo "2605"]
[BlackElo "2528"]
[Annotator "RC"]
[PlyCount "58"]
[EventDate "2019.05.11"]
[EventType "tourn"]
[EventCountry "CHN"]
[SourceTitle "playchess.com"]
[Source "ChessBase"]
[SourceQuality "1"]
[TimeControl "5400+30"]

1. d4 {[%emt 0:00:00]} d5 {[%emt 0:00:00]} 2. c4 {[%emt 0:00:01]} e6 {[%emt 0:00:07]} 3. Nc3 {[%emt 0:02:10]} Be7 {[%emt 0:00:41]} 4. Nf3 {[%emt 0:00:20]} Nf6 {[%emt 0:00:08]} 5. g3 {[%emt 0:02:25]} O-O {[%emt 0:03:34]} 6. Bg2 {[%emt 0:00:09]} dxc4 {[%emt 0:00:18]} 7. Ne5 {[%emt 0:01:34]} c5 {[%emt 0:00:24]} 8. dxc5 {[%emt 0:02:18]} Qxd1+ {[%emt 0:00:26]} 9. Nxd1 {[%emt 0:00:08]} Bxc5 {[%emt 0:00:12]} 10. Bd2 {[%emt 0:05:13]} Nc6 {[%emt 0:03:20]} 11. Nxc4 {[%emt 0:00:15]} Bd7 {[%emt 0:01:41]} 12. Rc1 {[%emt 0:07:55]} Rac8 {[%emt 0:03:23]} 13. Nc3 {[%emt 0:03:30]} Rfd8 {[%emt 0:07:58]} 14. O-O {[%emt 0:04:15]} Be7 {[%emt 0:00:48]} 15. b3 {[%emt 0:04:45]} Be8 {[%emt 0:03:28]} 16. Rfd1 {[%emt 0:03:49]} b6 {[%emt 0:00:36]} 17. Be1 {[%emt 0:11:21]} Rxd1 {[%emt 0:03:40]} 18. Rxd1 {[%emt 0:00:07]} Rd8 {[%emt 0:00:04]} 19. Rxd8 {[%emt 0:00:59]} Nxd8 {[%emt 0:00:10]} 20. f4 {[%emt 0:02:08]} Kf8 {[%emt 0:00:24]} 21. e4 {[%emt 0:02:32]} Bc5+ {[%emt 0:01:12]} 22. Bf2 {[%emt 0:01:04]} Bb4 {[%emt 0:02:56]} 23. Be1 {[%emt 0:05:34]} Bc5+ {[%emt 0:00:05]} 24. Bf2 {[%emt 0:03:13]} Bb4 {[%emt 0:00:05]} 25. Be1 {[%emt 0:00:46]} Bc5+ {[%emt 0:00:04]} 26. Bf2 {[%emt 0:00:32]} Bb4 {[%emt 0:00:10]} 27. Be1 {[%emt 0:00:05]} Bc5+ {[%emt 0:00:04]} 28. Bf2 {[%emt 0:00:04]} Bb4 {[%emt 0:00:04]} 29. Be1 {[%emt 0:00:15]} Bc5+ {[%emt 0:00:03]} 1/2-1/2

[Event "CHN-ch Open 2019"]
[Site "Xinghua"]
[Date "2019.05.12"]
[Round "2.1"]
[White "Zhao, Jun"]
[Black "Xu, Yinglun"]
[Result "1/2-1/2"]
[WhiteElo "2621"]
[BlackElo "2528"]
[Annotator "TA"]
[PlyCount "124"]
[EventDate "2019.05.11"]
[EventType "tourn"]
[EventCountry "CHN"]
[SourceTitle "playchess.com"]
[Source "ChessBase"]
[SourceQuality "1"]

{[%evp 12,124,14,4,6,8,0,-15,-7,0,27,0,0,0,0,0,0,-8,-8,-31,-27,-42,-7,-19,-26,-20,0,-18,0,0,0,0,0,0,0,0,0,0,0,0,0,0,0,-2,0,0,0,0,0,0,0,0,0,0,0,0,-5,-20,0,0,0,0,0,0,0,0,0,0,0,0,25,17,17,11,14,4,23,14,2,0,4,0,14,14,14,14,14,0,0,0,0,0,0,0,0,0,4,4,4,0,4,4,4,0,0,0,4,0,0,0,0,0,0,0,0]} 1. c4 e6 2. Nc3 d5 3. d4 Be7 4. cxd5 exd5 5. Bf4 c6 6. Qc2 Bd6 7. Bg3 Ne7 {D31: Queen's Gambit Declined: Semi-Slav without ...Nf6 (+ Marshall Gambit and Noteboom) and Exchange Variation lines without ...Nf6} 8. e3 Bf5 9. Qb3 {[#] Black must now prevent Bxd6.} (9. Bd3 Bxd3 10. Qxd3 O-O 11. Nf3 Re8 12. Ng5 g6 13. Bxd6 Qxd6 14. h4 Qf6 15. O-O-O {½-½ (59) Dreev,A (2710)-Jakovenko,D (2729) Apatity 2011}) 9... Bxg3 10. hxg3 Qb6 11. Nf3 Nd7 12. Nh4 Qxb3 13. axb3 {[#]} a6 $146 ({Predecessor:} 13... Be6 14. b4 O-O 15. Bd3 {½-½ (49) Gulko,B (2615)-Lputian,S (2590) Glendale 1994}) 14. b4 O-O-O 15. Nf3 Kb8 16. Nd2 Nb6 17. Be2 h6 18. g4 Bc8 19. Nb3 Rhf8 20. Nc5 Ng8 21. f3 Nf6 22. b3 Rfe8 23. Kd2 Re7 24. Rae1 Na8 {[%cal Bb6a8,Ba8c7,Bc7e6][%mdl 32]} 25. Bd3 Rde8 26. Nd1 {[%cal Bc3d1,Bd1f2,Bf2d3,Bd3f4][%mdl 32]} Nc7 27. Nf2 Ne6 28. Bc2 Kc7 29. Nfd3 Nf8 30. Nf4 Ne6 31. Nfd3 Nf8 32. Nf4 Ne6 33. Nh5 Nxh5 34. gxh5 Ng5 35. Rhg1 Rd8 36. f4 Ne6 37. g4 f6 38. Rg3 Rh8 39. Reg1 Nd8 40. Bg6 b6 41. Na4 Nb7 42. Nc3 Nd6 43. Bd3 Nb5 (43... Rhe8 {is interesting.} 44. Ke2 Kb8 45. Kf2 Kb7 46. Rf1 Bd7) 44. Bxb5 axb5 {The position is equal.} 45. Ra1 Kb7 46. Kd3 Be6 47. Rg2 Ra8 48. Rxa8 Kxa8 $11 {[%mdl 4096] Endgame KRB-KRN} 49. g5 Bf5+ 50. Kd2 fxg5 51. fxg5 hxg5 52. Rxg5 Bh7 53. Ne2 Kb7 54. Nf4 Kc8 55. Rg1 Bf5 56. Rc1 Kb7 57. Ke2 Rf7 58. Rg1 Kc7 59. Kf2 Kd6 60. Ra1 g5 61. hxg6 Bxg6 62. Rh1 {[#] Threatens to win with Rh6.} Rh7 {Accuracy: White = 74%, Black = 74%.} 1/2-1/2

[Event "CHN-ch Open 2019"]
[Site "Xinghua"]
[Date "2019.05.12"]
[Round "2.2"]
[White "Xu, Jun"]
[Black "Bai, Jinshi"]
[Result "1/2-1/2"]
[WhiteElo "2487"]
[BlackElo "2605"]
[Annotator "TA"]
[PlyCount "88"]
[EventDate "2019.05.11"]
[EventType "tourn"]
[EventCountry "CHN"]
[SourceTitle "playchess.com"]
[Source "ChessBase"]
[SourceQuality "1"]

{[%evp 17,88,11,17,0,9,16,12,17,10,12,4,7,8,0,0,0,0,0,0,0,0,4,0,6,0,-3,-4,-8,0,-21,-19,-19,-5,-8,-8,-8,-8,-8,0,0,0,0,0,0,0,0,0,0,0,0,0,0,0,0,0,0,0,0,0,0,0,0,0,0,0,0,0,0,0,0,0,0,0]} 1. d4 Nf6 2. c4 g6 3. Nc3 d5 4. cxd5 Nxd5 5. e4 Nxc3 6. bxc3 Bg7 7. Qa4+ Nd7 {[%cal Bb8d7,Bd7b6,Bb6c4,Bc4d2][%mdl 32]} 8. Nf3 O-O $146 ({Predecessor:} 8... c5 9. Be2 {½-½ (71) Sadzikowski,D (2541)-Navara,D (2737) Czech Republic 2017}) 9. Be2 c5 {The position is equal.} 10. O-O {D85: Exchange Grünfeld: Unusual White 7th moves and lines with 7 Nf3} Nb6 11. Qa3 cxd4 12. cxd4 Bg4 13. Bg5 Bxf3 14. Bxf3 Nc4 15. Qb4 Qxd4 16. Rad1 Qc3 $1 {[%cal Rc3b4]} 17. Qxc3 Bxc3 18. Bxe7 Nd2 19. Bxf8 Kxf8 20. Rc1 Nxf1 21. Rxc3 $11 {[%mdl 4096] Endgame KRB-KRN} Nd2 22. Rc7 a5 23. e5 Nxf3+ 24. gxf3 {KR-KR} Re8 25. Rxb7 Rxe5 26. Ra7 Kg7 27. Ra6 h5 28. Kg2 Rg5+ 29. Kh3 Kh6 30. Rf6 Kg7 31. Ra6 Rf5 32. Kg3 g5 33. h4 f6 34. hxg5 Rxg5+ 35. Kh3 Kg6 36. Ra8 Rd5 37. Kg3 Kf5 38. Ra6 Kg5 39. f4+ Kg6 {And now ...Rd3+ would win.} 40. f3 Rb5 41. Ra7 Rf5 42. Kg2 Rd5 {[#] Strongly threatening ...Rd2+.} 43. Kg3 Rf5 44. Kg2 Rd5 {Accuracy: White = 88%, Black = 73%.} 1/2-1/2

[Event "CHN-ch Open 2019"]
[Site "Xinghua"]
[Date "2019.05.12"]
[Round "2.3"]
[White "Peng, Xiongjian"]
[Black "Liu, Yan"]
[Result "1/2-1/2"]
[WhiteElo "2451"]
[BlackElo "2502"]
[Annotator "TA"]
[PlyCount "104"]
[EventDate "2019.05.11"]
[EventType "tourn"]
[EventCountry "CHN"]
[SourceTitle "playchess.com"]
[Source "ChessBase"]
[SourceQuality "1"]

{[%evp 24,104,47,54,65,65,65,65,65,65,56,56,64,63,64,61,58,58,85,91,101,93,96,93,106,103,109,109,128,109,109,109,109,120,129,129,132,126,127,125,133,129,133,125,119,51,85,0,120,109,123,123,114,50,94,34,144,0,0,0,0,0,0,0,0,0,0,0,0,-370,0,-2,0,0,0,0,0,0,0,0,0,0,0]} 1. e4 c5 2. Nc3 Nc6 3. Nf3 e6 4. d4 cxd4 5. Nxd4 Qc7 6. g3 a6 7. Bg2 Nf6 8. O-O Nxd4 9. Qxd4 Bc5 10. Bf4 d6 11. Qd2 h6 12. Rad1 e5 13. Be3 Be6 {B47: Sicilian: Taimanov: 5 Nc3 Qc7 6 f4, 6 g3 and 6 Be2} 14. Bxc5 dxc5 15. Nd5 Bxd5 {White is slightly better.} 16. exd5 {And now d6 would win.} Qd6 17. c4 O-O 18. Bh3 Rfe8 19. Rfe1 {[#]} b5 $146 ({Predecessor:} 19... Re7 20. Re3 b6 21. a3 {½-½ (51) Adams,M (2727)-Spoelman,W (2586) Germany 2018}) 20. b3 b4 21. Re2 a5 22. Rde1 a4 23. Qb2 axb3 24. axb3 Ra3 25. Bf5 Kf8 26. Bc2 Ra7 27. Rxe5 Rxe5 28. Rxe5 Re7 {[#]} 29. Rxe7 $1 Qxe7 30. Qa1 g6 31. Bd3 Kg8 32. Kg2 h5 33. Qa6 Kg7 34. Qc6 (34. Qa5 $16) 34... Ng4 35. Qc8 (35. Qa4 $16) 35... Ne5 (35... Nxf2 $1 $11 36. Kxf2 Qf6+ 37. Kg2 Qb2+ 38. Kf1 Qa1+ 39. Kf2 Qd4+ 40. Ke2 Qb2+ 41. Ke3 Qd4+ 42. Ke2 Qb2+ 43. Kf3 Qf6+ 44. Kg2 Qb2+ 45. Kf3 Qf6+ 46. Kg2) 36. Be2 $16 f6 37. h4 Nf7 {[#]} 38. Bd3 (38. Bf3 $1 $16) 38... f5 39. Kf1 (39. Qa6 $16) 39... Qf8 (39... Ne5 $14 40. Be2 f4) 40. Bxf5 (40. Qxf8+ $16 Kxf8 41. Ke2) 40... gxf5 $11 41. Qxf5 Qe7 42. g4 Qe5 43. Qc8 ({Reject} 43. Qxh5 Qc3 $17) (43. Qxe5+ $2 Nxe5 44. f3 (44. gxh5 $2 Nxc4 45. Kg2 Nd6 $19) 44... Nxf3 $17) 43... Qd4 44. gxh5 Qd3+ 45. Kg2 Qe4+ 46. Kg3 $2 {[%mdl 8192]} (46. Kf1 $11 {and White is okay.}) 46... Qe5+ $2 ({Black should try} 46... Ne5 $19 {Strongly threatening ...Qf3+.} 47. h6+ Kh7) 47. Kh3 {The position is equal.} Qc3+ 48. Kg2 Qxb3 49. Qg4+ Kf8 50. Qc8+ Kg7 51. Qg4+ Kf8 52. Qc8+ Kg7 {Accuracy: White = 60%, Black = 54%.} 1/2-1/2

[Event "CHN-ch Open 2019"]
[Site "Xinghua"]
[Date "2019.05.12"]
[Round "2.4"]
[White "Xu, Xiangyu"]
[Black "Zhao, Yuanhe"]
[Result "1-0"]
[WhiteElo "2583"]
[BlackElo "2437"]
[Annotator "TA"]
[PlyCount "71"]
[EventDate "2019.05.11"]
[EventType "tourn"]
[EventCountry "CHN"]
[SourceTitle "playchess.com"]
[Source "ChessBase"]
[SourceQuality "1"]

{[%evp 21,71,-6,-1,-4,0,0,10,10,10,5,8,16,9,12,21,14,22,26,22,2,12,12,11,0,0,0,0,0,0,0,0,0,0,0,20,26,24,62,193,170,173,173,167,162,189,160,442,214,210,226,212,193]} 1. d4 Nf6 2. Nf3 g6 3. c4 c5 4. g3 cxd4 5. Nxd4 Bg7 6. Bg2 O-O 7. O-O Nc6 8. Nc3 Nxd4 9. Qxd4 d6 10. Qd2 Be6 11. Bxb7 Rb8 12. Bf3 {A39: Symmetrical English vs ...g6: 4 Bg2 Bg7 5 Nf3 Nf6 6 0-0 0-0 7 d4} (12. Bg2 Bxc4 13. b3 Ba6 14. Bb2 Qa5 15. Rfd1 Rfc8 16. Rac1 Rc7 17. Ne4 Qxd2 18. Rxd2 Rxc1+ 19. Bxc1 Rc8 20. Nxf6+ Bxf6 {½-½ (54) Kovalenko,I (2653)-Khalifman,A (2613) Tallinn 2015}) 12... Bxc4 13. b3 Nd5 14. Bb2 {The position is equal.} Nxc3 15. Bxc3 Bxc3 16. Qxc3 Be6 $146 ({Predecessor:} 16... Ba6 17. h4 Qb6 18. Rfc1 Rfc8 19. Qd2 Bb7 {½-½ (31) Bilek,I-Bolbochan,J Havana 1966}) 17. Rfc1 Rc8 18. Qd2 Qb6 19. h4 Qb5 20. h5 Qe5 21. h6 a5 22. Rab1 f6 23. a3 Rxc1+ 24. Rxc1 Bxb3 25. Rc3 $36 {[%mdl 2048] White is more active.} a4 26. Re3 Qg5 27. Qb4 Rc8 28. Rxe7 {Black must now prevent Qb7!} Qxh6 {( -> ...Rc1+)} 29. Kg2 Kh8 ({Better is} 29... Bf7 $1 $14) 30. Qxd6 Qf8 31. Bc6 Rd8 ({But not} 31... Rxc6 $2 32. Rxh7+ $1 {[%mdl 512]} Kxh7 33. Qxf8 $18) 32. Qc7 Bg8 33. e4 Rd2 $2 {[#]} (33... Rc8 $16 {was necessary.} 34. Qd6 Rd8) 34. Bxa4 (34. Bd5 $142 $1 {[%mdl 512]}) 34... Qd8 $18 35. Qxd8 Rxd8 36. Re8 {Accuracy: White = 68%, Black = 55%.} 1-0